[Event "POL-chT3"]
[Site "Jastrzebia Gora POL"]
[Date "2015.??.??"]
[Round "9.23"]
[White "Dowgird, Filip"]
[Black "Szolc, Grzegorz"]
[Result "1/2-1/2"]
[WhiteElo "2208"]
[BlackElo "2020"]
[EventDate "2015.??.??"]
[WhiteTitle "k"]
[BlackTitle "I"]

1.g3 g6 2.Bg2 Bg7 3.d3 d5 4.Nd2 Nf6 5.e4 c6 6.Ngf3 O-O 7.O-O Bg4 8.h3 Bxf3
9.Qxf3 e5 10.exd5 Nxd5 11.Re1 Re8 12.Nc4 Na6 13.h4 Qd7 14.a3 Rad8 15.Bg5 
f6 16.Bc1 Nc5 17.Ne3 Ne6 18.Qd1 f5 19.Nc4 Qc7 20.Bd2 f4 21.Be4 Nc5 22.Qe2 
Nxe4 23.dxe4 Nf6 24.Ba5 b6 25.Bc3 fxg3 26.fxg3 Nh5 27.Kh2 Qf7 28.Rf1 Qe6 
29.Rad1 b5 30.Rxd8 Rxd8 31.Nd2 Rf8 32.Rxf8+ Bxf8 33.Qf3 Bc5 34.Nb3 Bb6 35.
Bb4 Qf6 36.Kg2 Kf7 37.Bd2 Qxf3+ 38.Kxf3 Nf6 39.Nc1 h5 40.Nd3 Ke6 41.b3 Ng4
42.a4 a5 43.Bg5 Nh2+ 44.Ke2 Ng4 45.c4 b4 46.c5 Bc7 47.Nb2 Nf6 48.Bxf6 Kxf6
49.Kf3 Ke6 50.Nc4 Ke7 51.g4 Ke6 52.g5 Ke7 53.Ke2 Ke6 54.Kd3 Kd7 55.Ne3 Ke6
56.Kc4 Kd7 57.Ng2 Ke6 58.Ne1 Ke7 59.Nd3 Kd7 60.Nb2 Ke6 1/2-1/2

[Event "POL-chT3"]
[Site "Jastrzebia Gora POL"]
[Date "2015.??.??"]
[Round "9.24"]
[White "Szydlowska-Duda, Marta"]
[Black "Korosciel, Aneta"]
[Result "1-0"]
[WhiteElo "1990"]
[BlackElo "2036"]
[EventDate "2015.??.??"]
[WhiteTitle "k"]
[BlackTitle "m"]

1.d4 Nf6 2.c4 e6 3.Nc3 Bb4 4.Qb3 c5 5.e3 O-O 6.Nf3 Bxc3+ 7.bxc3 d6 8.Ba3 
Qc7 9.Be2 b6 10.O-O Nc6 11.Rfd1 Na5 12.Qa4 Ba6 13.Rac1 Rac8 14.Bf1 Rfd8 
15.d5 Qd7 16.Qc2 Nxc4 17.dxe6 Qxe6 18.Qa4 Bb5 19.Qxb5 Nxa3 20.Qa4 Qxa2 21.
Ra1 Qc2 22.Rxa3 Qxa4 23.Rxa4 Rc7 24.Ra6 Ne4 25.c4 g6 26.Bd3 Nf6 27.Rda1 
Rdd7 28.e4 Re7 29.Nd2 Ng4 30.f4 Kf8 31.h3 Nf6 32.Kf2 Ke8 33.Kf3 Nd7 34.Nb1
Nb8 35.R6a3 Nc6 36.Nc3 Rb7 37.Nd5 Re6 38.Ra6 Kd8 39.Kf2 Na5 40.Nc3 Kc8 41.
Nb5 Kb8 42.Rb1 Nc6 43.Ra3 Nb4 44.Rd1 a6 45.Nc3 h6 46.Be2 h5 47.g4 h4 48.f5
Re5 49.Rxd6 g5 50.Rd8+ Kc7 51.Rg8 Kd6 52.Rxg5 Re8 53.Rh5 Ke5 54.Nd5 a5 55.
Rxh4 Kd4 56.Nf6 Rd8 57.g5 Ke5 58.Rh7 Nc2 59.Rd3 Nd4 60.Bf3 a4 61.Ng4+ Kf4 
62.g6 Ra7 63.g7 a3 64.Rh8 a2 65.Rd1 Raa8 66.Rxd8 Rxd8 67.Nf6 a1=Q 68.Rxa1 
Nxf3 69.Nd5+ Kxe4 70.g8=Q 1-0

[Event "POL-chT3"]
[Site "Jastrzebia Gora POL"]
[Date "2015.??.??"]
[Round "9.25"]
[White "Tazbir, Marcin"]
[Black "Luksik, Mateusz"]
[Result "1-0"]
[WhiteElo "2517"]
[BlackElo "2056"]
[EventDate "2015.??.??"]
[WhiteTitle "GM"]
[BlackTitle "k+"]

1.e4 c5 2.Ne2 Nc6 3.d4 cxd4 4.Nxd4 e5 5.Nb5 a6 6.Nd6+ Bxd6 7.Qxd6 Qe7 8.
Qd1 Nf6 9.Nc3 d6 10.Be2 O-O 11.Be3 Be6 12.O-O Rad8 13.Bb6 Rc8 14.Qd2 Nd7 
15.Be3 Rfd8 16.Rfd1 Nf6 17.Bb6 Rd7 18.Bf3 Nb4 19.Nd5 Nbxd5 20.exd5 Bg4 21.
Bxg4 Nxg4 22.h3 Nh6 23.Rac1 Qh4 24.c4 g5 25.b4 g4 26.Rc3 f5 27.hxg4 Nxg4 
28.Rh3 Qe7 29.f3 Nf6 30.Qg5+ Kh8 31.Qxf5 Rxc4 32.Be3 Qf7 33.Rh6 Ne8 34.
Qxf7 Rxf7 35.Re6 Rc8 36.Rc1 Rxc1+ 37.Bxc1 Nc7 38.Rxd6 Nb5 39.Re6 Rd7 40.
Rxe5 Kg8 41.Bf4 Nc3 42.d6 Rxd6 43.Rg5+ Rg6 44.Rxg6+ hxg6 45.Bd2 Na4 46.Kf2
Kf7 47.Ke3 Ke6 48.Kd4 Kd6 49.g4 Ke6 50.f4 Kd6 51.Ke4 Ke6 52.Be1 b6 53.Bd2 
Nb2 54.f5+ gxf5+ 55.gxf5+ Kf7 56.Bc3 Nc4 57.Kd5 Ne3+ 58.Kc6 b5 59.Kb7 Nxf5
60.Kxa6 Nd6 61.Be5 Nc4 62.Bf4 Ke6 63.Kxb5 Kd5 64.a4 Na3+ 65.Ka6 Nc2 66.b5 
Kc5 67.Bd2 Na3 68.b6 Kd5 1-0

[Event "POL-chT3"]
[Site "Jastrzebia Gora POL"]
[Date "2015.??.??"]
[Round "9.26"]
[White "Pulik, Krzysztof"]
[Black "Sopur, Lech"]
[Result "1-0"]
[WhiteElo "2137"]
[BlackElo "2419"]
[EventDate "2015.??.??"]
[WhiteTitle "k"]
[BlackTitle "m"]

1.e4 g6 2.d4 Bg7 3.c3 d5 4.Nd2 c6 5.Bd3 Nh6 6.Ngf3 O-O 7.O-O f6 8.Re1 Nf7 
9.h3 e5 10.dxe5 fxe5 11.b3 Nd7 12.Ba3 Re8 13.Nf1 Nf8 14.Qc2 Qa5 15.Bb2 Be6
16.Ne3 Rad8 17.Nd2 Rd7 18.Rad1 Qd8 19.f3 d4 20.cxd4 exd4 21.Nef1 Qh4 22.
Nh2 g5 23.Ndf1 Ng6 24.Qf2 Qf4 25.Ng3 Be5 26.Nhf1 Nh4 27.Nh5 Nxf3+ 28.gxf3 
Qh4 29.Qxh4 gxh4 30.f4 Bh8 31.f5 Ne5 32.fxe6 Rxe6 33.Nh2 Rh6 34.Nf4 Rg7+ 
35.Kh1 Rg3 36.Rg1 Kf8 37.Ng4 Nxg4 38.hxg4 c5 39.g5 Rd6 40.Rxg3 hxg3 41.Kg2
Be5 42.Kxg3 1-0

[Event "POL-chT3"]
[Site "Jastrzebia Gora POL"]
[Date "2015.??.??"]
[Round "9.27"]
[White "Sapis, Witalis"]
[Black "Skomial, Mateusz"]
[Result "1-0"]
[WhiteElo "2396"]
[BlackElo "2025"]
[EventDate "2015.??.??"]
[WhiteTitle "IM"]
[BlackTitle "I++"]

1.Nf3 d5 2.g3 Nf6 3.Bg2 e6 4.O-O Be7 5.d3 O-O 6.Nbd2 c5 7.e4 Nc6 8.Qe2 
dxe4 9.dxe4 e5 10.c3 Qc7 11.Nc4 Rd8 12.Bg5 Be6 13.Nh4 h6 14.Bxf6 Bxf6 15.
Nf5 Ne7 16.Nce3 Bxf5 17.exf5 Bg5 18.Nc4 Nxf5 19.Qxe5 Qxe5 20.Nxe5 Bf6 21.
Rfe1 Rab8 22.Re2 g6 23.Rae1 Rd6 24.Nc4 Rdd8 25.Na5 Nd6 26.Rd1 Kf8 27.Red2 
Be7 28.h4 h5 29.Bf3 Ke8 30.Kg2 f5 31.Re2 Kf7 32.Bd5+ Kf8 33.Re6 Ne4 34.
Rxg6 Nf6 35.Bb3 Rxd1 36.Bxd1 Rd8 37.Bb3 b5 38.Nb7 Rd2 39.Nxc5 Ke8 40.Ne6 
Ne4 41.Kf3 Rxf2+ 42.Ke3 Rxb2 43.Ng7+ Kd8 44.Nxf5 Nf6 45.Nxe7 Kxe7 46.Rg7+ 
Kd6 47.Rxa7 Ng4+ 48.Kf4 Rf2+ 49.Kg5 Rf3 50.Ra6+ Ke7 51.Re6+ Kd7 52.Kxh5 
Nf2 53.g4 Rxc3 54.Rf6 Ne4 55.Rf4 Ng3+ 56.Kg6 Ne2 57.Rf2 Nc1 58.h5 Nd3 59.
Rf5 Kd6 1-0

[Event "POL-chT3"]
[Site "Jastrzebia Gora POL"]
[Date "2015.??.??"]
[Round "9.28"]
[White "Wozniak, Maciej"]
[Black "Swic, Waldemar"]
[Result "1-0"]
[WhiteElo "2087"]
[BlackElo "2345"]
[EventDate "2015.??.??"]
[WhiteTitle "k"]
[BlackTitle "FM"]

1.e4 c5 2.Nf3 Nc6 3.d4 cxd4 4.Nxd4 g6 5.Nc3 Bg7 6.Be3 Nf6 7.Bc4 Qa5 8.O-O 
O-O 9.Nb3 Qc7 10.Bg5 e6 11.Qe2 a6 12.a4 b6 13.Bh4 Bb7 14.Rad1 d6 15.Bg3 
Ne5 16.Nd2 Nh5 17.Bb3 Nxg3 18.hxg3 Rfd8 19.f4 Qc5+ 20.Kh1 Nc6 21.Nf3 Qh5+ 
22.Kg1 Ne7 23.Rd3 b5 24.Rfd1 b4 25.Nb1 a5 26.Qe3 d5 27.Qb6 Rdb8 28.Qc7 
dxe4 29.Rd8+ Rxd8 30.Rxd8+ Rxd8 31.Qxd8+ Bf8 32.Ng5 Bc6 33.Nxe6 fxe6 34.
Bxe6+ Kg7 35.Qd4+ Kh6 36.g4 1-0

[Event "POL-chT3"]
[Site "Jastrzebia Gora POL"]
[Date "2015.??.??"]
[Round "9.29"]
[White "Gradowski, Jacek"]
[Black "Bielawski, Michal"]
[Result "1-0"]
[WhiteElo "2137"]
[BlackElo "2036"]
[EventDate "2015.??.??"]
[WhiteTitle "I+"]
[BlackTitle "I+"]

1.d4 Nf6 2.c4 g6 3.Nc3 d5 4.Bg5 dxc4 5.e4 Bg7 6.Bxc4 O-O 7.e5 Ne8 8.Qd2 c5
9.Nd5 Nc6 10.dxc5 Nc7 11.O-O-O Nxd5 12.Bxd5 Qc7 13.f4 Bf5 14.Ne2 Rac8 15.
Bxc6 bxc6 16.Nd4 Be4 17.Rhe1 Bd5 18.Nb5 Qb7 19.Nc3 Be6 20.h3 Rc7 21.Re4 
Rb8 22.Rd4 Rcc8 23.g4 f6 24.exf6 exf6 25.Rd6 fxg5 26.Rxe6 gxf4 27.Rd6 Qb4 
28.Rd7 Rf8 29.Rxa7 Bd4 30.a3 Qb3 31.Qc2 Be3+ 32.Kb1 Qxc2+ 33.Kxc2 Bxc5 34.
Rc7 f3 35.Ne4 Bd4 36.Rxd4 f2 37.Rdd7 Rf4 38.Rg7+ Kf8 39.Rxh7 Kg8 40.Nd2 
f1=Q 41.Nxf1 Rxf1 42.Rcg7+ Kf8 43.Rb7 Rf2+ 44.Kb1 Rxb7 45.Rxb7 Rf3 46.Rc7 
Rxh3 47.Rxc6 Kf7 48.g5 Rg3 49.Rc5 Ke6 50.Ka2 Kd6 51.b4 Ke7 52.a4 Kd6 53.a5
Re3 54.Rb5 Kc7 55.Rb6 Re5 56.Rxg6 Kb7 57.Kb3 1-0

[Event "POL-chT3"]
[Site "Jastrzebia Gora POL"]
[Date "2015.??.??"]
[Round "9.30"]
[White "Jurkiewicz, Zuzanna"]
[Black "Antolak, Julia"]
[Result "1-0"]
[WhiteElo "1507"]
[BlackElo "1945"]
[EventDate "2015.??.??"]
[WhiteTitle "I"]
[BlackTitle "k+"]

1.e4 c5 2.d3 g6 3.g3 Bg7 4.Bg2 Nc6 5.Nf3 e6 6.Nbd2 d5 7.O-O Nf6 8.Re1 O-O 
9.c3 Qc7 10.e5 Nd7 11.d4 b6 12.Nf1 Ba6 13.Ne3 Rac8 14.h4 h5 15.Ng5 cxd4 
16.cxd4 Nb4 17.Qa4 Nd3 18.Rd1 Nb8 19.Bf1 b5 20.Qb3 Nxc1 21.Raxc1 Qxc1 22.
Rxc1 Rxc1 23.Kg2 Rc7 24.g4 Re7 25.gxh5 f6 26.exf6 Bxf6 27.h6 Bxg5 28.hxg5 
Rf4 29.Qc2 Ref7 30.Qxg6+ Kh8 31.Qxe6 Rxf2+ 32.Kg1 Bb7 33.Qe5+ Kg8 34.Qe8+ 
1-0

[Event "POL-chT3"]
[Site "Jastrzebia Gora POL"]
[Date "2015.??.??"]
[Round "9.31"]
[White "Szymanski, Piotr"]
[Black "Walter, Szymon"]
[Result "1/2-1/2"]
[WhiteElo "2249"]
[BlackElo "2214"]
[EventDate "2015.??.??"]
[WhiteTitle "k+"]
[BlackTitle "k"]

1.d4 Nf6 2.Nf3 e6 3.g3 b5 4.Bg2 Bb7 5.O-O d5 6.Nbd2 Nbd7 7.b3 c5 8.Bb2 Qb6
9.e3 a5 10.a4 c4 11.axb5 cxb3 12.cxb3 Qxb5 13.Ba3 Bxa3 14.Rxa3 Ke7 15.Qa1 
Bc6 16.Rc1 Rhc8 17.Bf1 Qb4 18.Qa2 Ra7 19.Ne1 Qb6 20.Nd3 Rca8 21.Nb2 Nb8 
22.Bd3 Ne8 23.Nf3 Bb5 24.Bxb5 Qxb5 25.Ne5 f6 26.Ned3 Nc6 27.Qb1 Nd6 28.Nc5
g6 29.Qc2 Nb4 30.Qd2 Rc8 31.Rca1 Nb7 32.Nbd3 Nxd3 33.Nxd3 Ra6 34.b4 Rca8 
35.Nc5 Nxc5 36.bxc5 a4 37.Qc2 Qb4 38.Kg2 Kd7 39.Qe2 e5 40.Qf3 e4 41.Qf4 
Ke6 42.Qc7 h5 43.h4 Qb5 44.Qg7 Kf5 45.Rb1 Qc6 46.Qh6 Qc7 47.Rb4 R8a7 48.
Kg1 Ra8 49.Kg2 R8a7 50.Kg1 Ra8 1/2-1/2

[Event "POL-chT3"]
[Site "Jastrzebia Gora POL"]
[Date "2015.??.??"]
[Round "9.32"]
[White "Zylka, Stanislaw"]
[Black "Krzywda, Andrzej"]
[Result "1/2-1/2"]
[WhiteElo "2213"]
[BlackElo "2113"]
[EventDate "2015.??.??"]
[WhiteTitle "k"]
[BlackTitle "k"]

1.d4 Nf6 2.Nf3 g6 3.c4 Bg7 4.g3 c6 5.Bg2 O-O 6.O-O d5 7.Nbd2 Nbd7 8.b3 b5 
9.cxd5 cxd5 10.Bb2 Bb7 11.Rc1 Qa5 12.a3 b4 13.axb4 Qxb4 14.Ne5 Rfc8 15.Nd3
Qb6 16.Ba3 Qxd4 17.Bxe7 Ne4 18.Nxe4 dxe4 19.Nf4 Rxc1 20.Qxc1 Rc8 21.Qb1 
Qe5 22.Ba3 Nb6 23.Rd1 h5 24.h4 a5 25.e3 Ba8 26.Kh2 Kh7 27.Rd4 Nd5 28.Rxe4 
Qb8 29.Nxd5 Bxd5 30.Ra4 Bxg2 31.Kxg2 Rc3 32.Qe4 f5 33.Qd5 Rxb3 34.Rxa5 Qb7
35.Qxb7 Rxb7 36.Ra6 Rd7 37.Kf3 Be5 38.Bc5 Kg7 39.Ra8 Kf7 40.Rf8+ Kg7 41.
Re8 Bf6 42.Kf4 Rd2 43.Kf3 Rd7 44.Rc8 Be5 45.Bf8+ Kf7 46.Bh6 Rb7 47.Rf8+ 
Ke7 48.Ra8 Kf7 49.Bg5 Bg7 50.Ra5 Rc7 51.Rb5 Ra7 52.Bf4 Re7 53.Rc5 Rb7 54.
Rc6 Ra7 55.e4 fxe4+ 56.Kxe4 Ra4+ 57.Kd5 Ra5+ 58.Kd6 Bf8+ 59.Kd7 Rd5+ 60.
Kc8 Rc5 61.Rxc5 Bxc5 62.Be3 Bb4 63.Kd7 Be1 64.Bd4 Bb4 65.f3 Be1 66.Be5 Bf2
67.Kd6 Be1 68.Kd5 Bf2 69.Bc7 1/2-1/2

[Event "POL-chT3"]
[Site "Jastrzebia Gora POL"]
[Date "2015.??.??"]
[Round "9.33"]
[White "Zgadzaj, Rafal"]
[Black "Kastelik, Adrian"]
[Result "1-0"]
[WhiteElo "2115"]
[BlackElo "2135"]
[EventDate "2015.??.??"]
[WhiteTitle "k"]
[BlackTitle "I++"]

1.c4 c6 2.Nf3 d5 3.g3 Nf6 4.Bg2 e6 5.b3 Nbd7 6.Bb2 Bd6 7.d4 Bb4+ 8.Nbd2 
Ne4 9.a3 Nxd2 10.Nxd2 Be7 11.e4 dxe4 12.Nxe4 Nf6 13.O-O O-O 14.Qc2 Qc7 15.
Rad1 b6 16.d5 Nxe4 17.Bxe4 f5 18.Bg2 cxd5 19.Qe2 Bf6 20.cxd5 Rb8 21.d6 Qd7
22.Bxf6 Rxf6 23.Qc4 Rf7 24.Bc6 b5 25.Qc5 Qd8 26.d7 Bb7 27.Bxb7 Rxd7 28.Bf3
Rc8 29.Qxb5 Rxd1 30.Rxd1 Qe7 31.Qd7 Qxd7 32.Rxd7 Rc3 33.Be2 Rxb3 34.Rxa7 
Rb1+ 35.Kg2 e5 36.Bd3 1-0

[Event "POL-chT3"]
[Site "Jastrzebia Gora POL"]
[Date "2015.??.??"]
[Round "9.34"]
[White "Dzierzak, Radoslaw"]
[Black "Malecki, Rafal"]
[Result "1-0"]
[WhiteElo "2168"]
[BlackElo "2090"]
[EventDate "2015.??.??"]
[WhiteTitle "I++"]
[BlackTitle "k+"]

1.e4 g6 2.d4 d6 3.Nf3 Bg7 4.Be2 Nf6 5.Nc3 O-O 6.O-O c6 7.h3 Qc7 8.Bf4 Nh5 
9.Bh2 e5 10.Qd2 Nd7 11.Rad1 Re8 12.Rfe1 Nf8 13.Bc4 h6 14.g4 Nf6 15.dxe5 
dxe5 16.Qd6 Qxd6 17.Rxd6 N6d7 18.Red1 Bf6 19.Bb3 Kg7 20.h4 Be7 21.R6d2 f6 
22.g5 hxg5 23.hxg5 Nc5 24.gxf6+ Bxf6 25.Rd6 Bg4 26.Kg2 a5 27.Bc4 Rac8 28.
a4 Nfd7 29.Be2 Nb6 30.b3 Rc7 31.Rxf6 Kxf6 32.Rd6+ Be6 33.Bxe5+ Ke7 34.Ng5 
Rd7 35.Rxd7+ Nbxd7 36.Bc7 b6 37.e5 Rc8 38.Bd6+ Ke8 39.Nxe6 Nxe6 40.Ba6 Rd8
41.Bb7 Nd4 42.Ne4 Nc5 43.Nxc5 bxc5 44.Bxc5 Rb8 45.Bxd4 Rxb7 46.Bc3 Ra7 47.
Kf3 Ke7 48.Kg4 Ke6 49.f4 c5 50.Kg5 Kf7 51.e6+ Kxe6 52.Kxg6 c4 53.f5+ Ke7 
54.f6+ Ke6 55.b4 axb4 56.Bxb4 c3 57.a5 Rc7 58.a6 Ra7 59.Bxc3 Rxa6 60.f7 
Ke7+ 61.Kg7 1-0

[Event "POL-chT3"]
[Site "Jastrzebia Gora POL"]
[Date "2015.??.??"]
[Round "9.35"]
[White "Szajda, Marcin"]
[Black "Faron, Rafal"]
[Result "1-0"]
[WhiteElo "2061"]
[BlackElo "2033"]
[EventDate "2015.??.??"]
[WhiteTitle "I++"]
[BlackTitle "I++"]

1.e4 c5 2.Nf3 e6 3.d4 cxd4 4.Nxd4 a6 5.Bd3 Qc7 6.O-O Nf6 7.c4 Nc6 8.Nxc6 
bxc6 9.Nc3 Be7 10.f4 d6 11.Kh1 e5 12.fxe5 dxe5 13.Be3 Be6 14.c5 h5 15.Na4 
Ng4 16.Bg1 h4 17.Nb6 Rd8 18.Qf3 Nf6 19.Bxa6 Bg4 20.Qb3 Be6 21.Bc4 Nxe4 22.
Bxe6 fxe6 23.Qxe6 Ng3+ 24.hxg3 hxg3+ 25.Bh2 Rxh2+ 26.Kg1 1-0

[Event "POL-chT3"]
[Site "Jastrzebia Gora POL"]
[Date "2015.??.??"]
[Round "9.36"]
[White "Binkowska, Agata"]
[Black "Chmiel, Dominika"]
[Result "0-1"]
[WhiteElo "1553"]
[BlackElo "2146"]
[EventDate "2015.??.??"]
[WhiteTitle "I++"]
[BlackTitle "m"]

1.e4 e5 2.Nf3 Nc6 3.Bb5 a6 4.Ba4 Nf6 5.d3 b5 6.Bb3 Bc5 7.c3 d6 8.O-O Bg4 
9.h3 Bh5 10.Nbd2 Bg6 11.Re1 O-O 12.Nf1 Kh8 13.Bg5 Rb8 14.Ne3 Bxe3 15.fxe3 
Rb6 16.Rf1 Nb8 17.Nh2 Nbd7 18.Ng4 Bh5 19.Qf3 h6 20.Bh4 g5 21.Bg3 Kg7 22.
Qf5 Nxg4 23.hxg4 Bg6 24.Qf3 Qe7 25.Rf2 Nc5 26.Bc2 Qe6 27.b4 Nd7 28.Bb3 Qe7
29.Raf1 Rc8 30.d4 Rf8 31.Bc2 f6 32.Re2 Qe8 33.Rd2 h5 34.gxh5 Bxh5 35.Qf5 
Bg6 36.Qf3 Qe7 37.Be1 Rbb8 38.g4 Rh8 39.Rff2 Rh6 40.Rh2 Rbh8 41.Rxh6 Rxh6 
42.Rh2 Rxh2 43.Kxh2 d5 44.Bg3 exd4 45.exd4 dxe4 46.Qe2 Nb6 47.Bb3 c6 48.
Kg1 Bf7 49.Bc2 Bd5 50.Kf2 Qe6 51.Ke1 Kg6 52.Kd1 f5 53.Be5 Nc4 54.Qh2 Ne3+ 
0-1

[Event "POL-chT3"]
[Site "Jastrzebia Gora POL"]
[Date "2015.??.??"]
[Round "9.37"]
[White "Oszczanowski, Witold"]
[Black "Gumularz, Szymon"]
[Result "1/2-1/2"]
[WhiteElo "2086"]
[BlackElo "2239"]
[EventDate "2015.??.??"]
[WhiteTitle "k"]
[BlackTitle "I++"]

1.d4 Nf6 2.Nf3 e6 3.Bf4 c5 4.e3 d5 5.Nbd2 Nc6 6.c3 Bd6 7.Ne5 Qc7 8.Ndf3 
Ne4 9.Nxc6 Bxf4 10.Nce5 Bxe5 11.Nxe5 O-O 12.Bd3 f6 13.Nf3 b6 14.O-O Bb7 
15.Rc1 Qe7 16.c4 dxc4 17.Bxc4 Kh8 18.Qb3 Rfe8 19.Rfd1 Rac8 20.h3 Nd6 21.
Be2 Ne4 22.Bc4 Nd6 23.Be2 Ne4 24.Bc4 1/2-1/2

[Event "POL-chT3"]
[Site "Jastrzebia Gora POL"]
[Date "2015.??.??"]
[Round "9.38"]
[White "Piotrowski, Przemyslaw"]
[Black "Cajbel, Maciej"]
[Result "0-1"]
[WhiteElo "2193"]
[BlackElo "2189"]
[EventDate "2015.??.??"]
[WhiteTitle "k"]
[BlackTitle "k"]

1.Nf3 c5 2.c4 Nc6 3.Nc3 g6 4.g3 Bg7 5.Bg2 e5 6.d3 Nge7 7.Ne4 d6 8.Bg5 h6 
9.Bf6 O-O 10.O-O Bxf6 11.Nxf6+ Kg7 12.Nd5 Be6 13.Nd2 Rb8 14.Nxe7 Nxe7 15.
b3 g5 16.e4 Qd7 17.Qe2 Nc6 18.Qd1 Nd4 19.f3 f6 20.Rf2 a6 21.f4 b5 22.f5 
Bf7 23.g4 Rh8 24.Nf3 h5 25.Bh3 Nxf3+ 26.Qxf3 hxg4 27.Bxg4 Rh4 28.h3 Rbh8 
29.Rg2 Qd8 30.Kh2 Qa5 31.a4 Qc3 32.Raa2 b4 33.Qd1 Be8 34.Rad2 Bh5 35.Bxh5 
R8xh5 36.Rg3 Kh6 37.Rdg2 Qd4 38.Qd2 Rf4 39.Rg4 Rf3 40.R4g3 Rf4 41.Qb2 Qxb2
42.Rxb2 Rf1 43.Kg2 Rd1 44.Rf3 Rh4 45.Kh2 Rf4 46.Rg3 Rff1 47.Re3 Rh1+ 48.
Kg3 Rdg1+ 49.Rg2 Rxg2+ 50.Kxg2 Rb1 51.Kg3 Rxb3 52.h4 Rb1 53.hxg5+ Kxg5 0-1

[Event "POL-chT3"]
[Site "Jastrzebia Gora POL"]
[Date "2015.??.??"]
[Round "9.39"]
[White "Zareba, Radoslaw"]
[Black "Perdek, Miroslaw"]
[Result "1/2-1/2"]
[WhiteElo "2071"]
[BlackElo "2225"]
[EventDate "2015.??.??"]
[WhiteTitle "I"]
[BlackTitle "FM"]

1.e4 e5 2.Nf3 Nc6 3.Bb5 f5 4.exf5 e4 5.Bxc6 dxc6 6.Qe2 Qe7 7.Nd4 Qe5 8.Nf3
Qe7 9.Nd4 Qe5 10.Nf3 Qe7 1/2-1/2

[Event "POL-chT3"]
[Site "Jastrzebia Gora POL"]
[Date "2015.??.??"]
[Round "9.40"]
[White "Nowak, Kamil"]
[Black "Czachor, Radoslaw"]
[Result "1-0"]
[WhiteElo "2133"]
[BlackElo "1994"]
[EventDate "2015.??.??"]
[WhiteTitle "I+"]
[BlackTitle "I++"]

1.Nf3 Nf6 2.g3 d5 3.Bg2 c5 4.O-O Nc6 5.d4 e6 6.c3 Qb6 7.a3 Ne4 8.Ne5 cxd4 
9.Nxc6 bxc6 10.cxd4 c5 11.Nc3 Nxc3 12.bxc3 Ba6 13.Re1 Be7 14.e4 dxe4 15.
Bxe4 Rd8 16.Rb1 Qa5 17.Qh5 Bc4 18.Bc6+ Kf8 19.Be3 Qc7 20.Bg2 Bd5 21.Bf4 
Qc6 22.Bxd5 Rxd5 23.Rb8+ Bd8 24.Re5 Ke7 25.Qg5+ Kd7 26.Qxg7 Re8 27.Qxf7+ 
Re7 28.Rxd8+ Kxd8 29.Bg5 1-0

[Event "POL-chT3"]
[Site "Jastrzebia Gora POL"]
[Date "2015.??.??"]
[Round "9.41"]
[White "Mondrzycki, Bartlomiej"]
[Black "Kolasinski, Krzysztof"]
[Result "1/2-1/2"]
[WhiteElo "2082"]
[BlackElo "2087"]
[EventDate "2015.??.??"]
[WhiteTitle "I+"]
[BlackTitle "I++"]

1.e4 e6 2.d4 d5 3.exd5 exd5 4.Bd3 Bd6 5.Nf3 Ne7 6.O-O Bg4 7.Re1 O-O 8.Nbd2
Ng6 9.h3 Bxf3 10.Qxf3 c6 11.Nf1 Nd7 12.c3 Qc7 13.Bd2 Rae8 14.Re2 Rxe2 15.
Qxe2 Nf6 16.Re1 Re8 17.Qd1 Rxe1 18.Qxe1 Qe7 19.Qxe7 Nxe7 20.Bg5 Ne8 21.
Bxe7 Bxe7 22.f4 g6 23.Kf2 Bd6 24.g3 f5 25.Nd2 Nf6 26.b4 Kf7 27.Ke3 Nh5 28.
Kf2 Nf6 29.Bf1 Ne4+ 30.Nxe4 dxe4 31.Bc4+ Kf6 32.h4 h6 33.Ke3 g5 34.hxg5+ 
hxg5 35.Be2 gxf4+ 36.gxf4 b6 37.Ba6 c5 38.dxc5 bxc5 39.b5 Bc7 40.c4 Ba5 
41.Bb7 1/2-1/2

[Event "POL-chT3"]
[Site "Jastrzebia Gora POL"]
[Date "2015.??.??"]
[Round "9.42"]
[White "Iwanow, Anna"]
[Black "Zdziarska-zareba, Lidia"]
[Result "1/2-1/2"]
[WhiteElo "2312"]
[BlackElo "1913"]
[EventDate "2015.??.??"]
[WhiteTitle "WIM"]
[BlackTitle "k+"]

1.e4 c5 2.Nf3 e6 3.g3 Nc6 4.Bg2 g6 5.d4 cxd4 6.Nxd4 a6 7.O-O Bg7 8.Be3 
Nge7 9.Nxc6 bxc6 10.Bd4 O-O 11.Bxg7 Kxg7 12.Qd6 f5 13.Nc3 fxe4 14.Nxe4 Nd5
15.Rad1 Ra7 16.Qe5+ Kg8 17.c4 Nf6 18.Nd6 Qe7 19.Rd3 a5 20.f4 Qg7 21.Bxc6 
dxc6 22.Nxc8 Raf7 23.Nd6 Re7 24.Qxa5 Ra7 25.Qe5 Rxa2 26.Qxe6+ Kh8 27.Qe5 
Qa7+ 28.c5 Ra1 29.Rb3 Qa4 30.Rb7 Rxf1+ 31.Kxf1 Qd1+ 32.Kg2 Qd2+ 33.Kh3 Qd1
34.Kg2 Qd2+ 35.Kh3 Qd1 36.Qe7 Qh5+ 37.Kg2 Qd5+ 38.Kf1 Qh1+ 39.Ke2 Qxh2+ 
40.Kd1 Qh1+ 41.Qe1 Qd5+ 1/2-1/2

[Event "POL-chT3"]
[Site "Jastrzebia Gora POL"]
[Date "2015.??.??"]
[Round "9.43"]
[White "Kumala, Aleksander"]
[Black "Tomaszewski, Kacper"]
[Result "1-0"]
[WhiteElo "2102"]
[BlackElo "2278"]
[EventDate "2015.??.??"]
[WhiteTitle "I++"]
[BlackTitle "k"]

1.e4 c6 2.d4 d5 3.exd5 cxd5 4.Bd3 Nc6 5.c3 Qc7 6.Qf3 Nf6 7.Bf4 Qb6 8.Qe2 
Bg4 9.f3 Bh5 10.Nh3 e6 11.O-O Be7 12.Kh1 Bg6 13.Nf2 Nh5 14.Be3 Bd6 15.Na3 
Qd8 16.Nb5 Bb8 17.Nh3 a6 18.Na3 Bd6 19.Nc2 Nf6 20.Bg5 Qc7 21.Ne3 Bxd3 22.
Qxd3 h6 23.Bxf6 gxf6 24.f4 f5 25.c4 Nb4 26.Qe2 dxc4 27.Nxc4 b5 28.Ne3 Kf8 
29.a3 Nc6 30.d5 Ne7 31.dxe6 fxe6 32.Rac1 Qb6 33.Nc2 Bc7 34.Rfe1 Nd5 35.
Qxe6 Qxe6 36.Rxe6 Kf7 37.Rc6 Bxf4 38.Nxf4 Nxf4 39.Nd4 Nd3 40.Rf1 f4 41.Ne2
Rhc8 42.Rxh6 Rc2 43.Nxf4 Nxf4 44.Rxf4+ Kg7 45.Rhf6 Rd8 46.Rf7+ Kg8 47.R7f5
Rd1+ 48.Rf1 Rxf1+ 49.Rxf1 Rxb2 50.h4 Rb3 51.Ra1 Kg7 52.Kh2 Kg6 53.g3 Rc3 
54.Kh3 Kf5 55.Ra2 Rd3 56.Rf2+ Kg6 57.Ra2 Kf5 58.a4 b4 59.Rc2 Rc3 60.Rf2+ 
Ke5 61.h5 b3 62.Kg4 Rc4+ 63.Kg5 Rc2 64.Rf3 b2 65.Rb3 Rc3 66.Rxb2 Rxg3+ 67.
Kh6 Rg4 68.a5 Ra4 69.Rg2 Kf4 70.Rg5 Rc4 71.Rg6 Rc5 72.Rxa6 Kg4 73.Rg6+ Kh4
74.a6 Rxh5+ 75.Kg7 Ra5 76.Kf7 Ra1 77.Ke7 Kh5 78.Rc6 Kg5 79.Kd7 Kf5 80.Kc7 
Ke5 81.Kb7 Kd5 82.Rb6 Kc5 83.a7 Ra2 84.Rb1 Rh2 85.a8=Q Rh7+ 86.Ka6 Rh6+ 
87.Ka5 1-0

[Event "POL-chT3"]
[Site "Jastrzebia Gora POL"]
[Date "2015.??.??"]
[Round "9.44"]
[White "Matuszczyk, Przemyslaw"]
[Black "Reza, Wojciech"]
[Result "0-1"]
[WhiteElo "2086"]
[BlackElo "2272"]
[EventDate "2015.??.??"]
[WhiteTitle "I++"]
[BlackTitle "k+"]

1.Nf3 Nf6 2.g3 b6 3.Bg2 Bb7 4.O-O e6 5.d3 d5 6.Bg5 h6 7.Bxf6 Qxf6 8.Nc3 
Bb4 9.Nb5 Na6 10.c3 Be7 11.e4 dxe4 12.Nd2 Qe5 13.Nd4 c6 14.dxe4 Rd8 15.f4 
Qc7 16.Qg4 O-O 17.f5 e5 18.f6 Bxf6 19.Nf5 Bc8 20.Nxh6+ Kh7 21.Nf5 Rh8 22.
Qh5+ Kg8 23.Qe2 Nc5 24.Rad1 Ba6 25.c4 g6 26.Nh6+ Rxh6 27.Rxf6 Bc8 28.Rdf1 
Be6 29.Qe3 Kg7 30.b4 Nd7 31.R6f2 Rhh8 32.h4 Qd6 33.a3 f6 34.Bf3 Qd4 35.Qb3
b5 36.Qc2 bxc4 37.Nb1 Nb6 38.Rd1 Qe3 39.Kg2 Qb3 40.Rfd2 Qxc2 41.Rxc2 Rd4 
42.Kf2 Rhd8 43.Nc3 Nc8 44.Ke1 Nd6 45.Rdd2 Nb5 46.Nb1 c3 0-1

[Event "POL-chT3"]
[Site "Jastrzebia Gora POL"]
[Date "2015.??.??"]
[Round "9.45"]
[White "Puczylowski, Marcin"]
[Black "Smolka, Marcin"]
[Result "1/2-1/2"]
[WhiteElo "2119"]
[BlackElo "2070"]
[EventDate "2015.??.??"]
[WhiteTitle "k"]
[BlackTitle "k"]

1.d4 e6 2.e4 b6 3.Nf3 Bb7 4.Bd3 c5 5.c3 cxd4 6.cxd4 Nf6 7.Nc3 Bb4 8.Qe2 d5
9.e5 Ne4 10.O-O Nxc3 11.bxc3 Be7 12.Bd2 Nc6 13.Ne1 h5 14.Nc2 Na5 15.Ne3 
Qd7 16.f4 g6 17.Rab1 Rc8 18.Qf2 Rf8 19.f5 exf5 20.Nxf5 gxf5 21.Bh6 Rxc3 
22.Bxf5 Qc6 23.Bxf8 Kxf8 24.Qf4 Kg7 25.Bd7 Qg6 26.Be8 Bg5 27.Qxf7+ Qxf7 
28.Rxf7+ Kh6 29.Bb5 Bc6 30.h4 Be3+ 31.Kh2 Bxd4 32.Rf5 Re3 33.Bxc6 Bxe5+ 
34.Rxe5 Rxe5 35.Rf1 Kg6 36.Bb5 Nc4 37.Rc1 Re4 38.g3 Re2+ 39.Kh3 Rxa2 40.
Bxc4 dxc4 41.Rxc4 Rf2 42.g4 hxg4+ 43.Kxg4 Rf6 44.h5+ Kh6 45.Rc8 a5 46.Rh8+
Kg7 47.Ra8 Rc6 48.Kg5 Rc5+ 49.Kg4 Rb5 50.Kh4 Rb1 51.Kg5 Rg1+ 52.Kf5 Kh7 
53.Ra6 Rb1 54.Ra8 Rb4 55.Kg5 Rb5+ 56.Kg4 Rd5 57.Ra6 Rd6 58.Kg5 1/2-1/2

[Event "POL-chT3"]
[Site "Jastrzebia Gora POL"]
[Date "2015.??.??"]
[Round "9.46"]
[White "Wolynski, Krzysztof"]
[Black "Zurkowski, Andrzej"]
[Result "1/2-1/2"]
[WhiteElo "2061"]
[BlackElo "2086"]
[EventDate "2015.??.??"]
[WhiteTitle "I+"]
[BlackTitle "k+"]

1.c4 c5 2.Nf3 Nc6 3.g3 g6 4.Bg2 Bg7 5.O-O d6 6.Nc3 e5 7.d3 Nge7 8.e4 O-O 
9.a3 Bg4 10.Be3 Nd4 11.Bxd4 exd4 12.Nd5 Nxd5 13.exd5 Bxf3 14.Bxf3 h5 15.b4
b6 16.Re1 Qd7 17.Ra2 Rfe8 18.Rae2 Rxe2 19.Qxe2 Kf8 20.Kg2 Re8 21.Qxe8+ 
Qxe8 22.Rxe8+ Kxe8 23.Bd1 Ke7 24.Kf3 Bh6 25.b5 Bc1 26.a4 Bh6 27.Ke4 f5+ 
28.Kf3 Kf6 29.Kg2 Ke5 30.f4+ Kf6 31.h4 Ke7 32.Bf3 Bg7 33.Kf2 Bf6 34.Bd1 
Kf7 35.Bf3 Ke7 36.Bd1 Kd7 37.Bf3 Bg7 38.Bd1 Bh6 39.Bf3 Ke8 40.Bd1 Kf7 
1/2-1/2